Países que produzem semicondutores - Statistics

Estatísticas Gerais
  • Esse quiz foi jogado 34 vezes
  • A pontuação média é 10 de 15
Estatísticas das Respostas
Países % Correto
China
100%
Estados Unidos
100%
Japão
97%
Coreia do Sul
91%
Canadá
88%
Alemanha
84%
Italia
75%
India
72%
Reino Unido
72%
Taiwan
72%
Singapura
44%
Holanda
38%
Israel
25%
Irlanda
9%
Costa Rica
0%
Nenhum quiz correspondente encontrado
Distribuição das Pontuações
Porcentagem de Pessoas com Cada Pontuação
Percentil de Números Respondidos
Sua Pontuação Histórica
Você não jogou esse quiz